00149nam a2200061Ia 4500008004100000100001500041245003100056120527s9999 xx 000 0 und d aFarley, J. aMajority-minority relation